1485 1273 1200 1136 1167 1695 1704 1944 1840 1305 1741 1916 1377 1923 1176 1035 1335 1181 1742 1972 1028 1050 1155 1519 1466 1188 1449 1657 1686 1898 1325 1524 1241 1197 1022 1893 1834 1784 1938 1985 1127 1611 1275 1403 1848 1824 1233 1834 1053 1458 1199 1127 1293 1022 1214 1636 1178 1919 1514 1416 1623 1535 1588 1331 1400 1717 1140 1632 1755 1665 1660 1311 1547 1293 1551 1424 1949 1030 1328 1177 1151 1327 1737 1725 1613 1461 1691 1112 1000 1299 1114 1726 1682 1600 1117 1739 1671 1559 1024 BCNSPRNW ULIB Ver.6.0+V

เปลี่ยนเป็นภาษาไทย

Change to English
 แสดงรายละเอียดบรรณานุกรม
  กลับหน้าหลัก

Brief Record : Get Marc (ISO 2709) : E-mail record : QR code < ปิดหน้าต่าง
LEADER : 00000nam 2200000uu 4500
001    13399113021
003     ULIB
008    110921s2549||||th 000 0 tha d
020    9749467493
041 0  tha/eng
050  4 PE1131^bป328บ 2549
100 0  ประพิศ พงศ์พานิช
245 10 บทสนทนาภาษาอังกฤษสำหรับบุคลากรทางการแพทย์.^nbook six =^bEnglish for the medical profession : doctors, nurses,students, everyone involved in health care /^c[คณะผู้จัดทำ, ประพิศ พงษ์พานิช, บ็อบ ก็อดสัน]
246 14 English for the medical profession in patients :^bบทสนทนาภาษาอังกฤษสำหรับบุคลากรทางการแพทย์
246 31 English for the medical profession : doctors, nurses,students, everyone involved in health care
250    พิมพ์ครั้งที่ 1
260    กรุงเทพฯ :^bโรงพยาบาลบีเอ็นเอช(บางกอกเนอสซิ่งโฮม),^c2549
300    131 หน้า :^bภาพประกอบ ;^c22 ซม.
650  4 ภาษาอังกฤษ^xบทสนทนาและวลี
653    Open Your Eyes Project
700 1  ก็อดสัน, บ็อบ
945    ^p150^l0^i019663
995    ทศพร
999 ^a ทศพร
รายการนี้ยังไม่มีแท็ก
คุณยังไม่ได้ล็อกอิน คุณสามารถมีกิจกรรมร่วมกับเว็บไซต์ได้ แต่ต้องล็อกอินก่อน ::
  ล็อกอิน

รายการสื่อสารสนเทศ

ลำดับที่ ประเภท เลขเรียก/บาร์โค้ด สถานที่ สถานะ
- ไม่พบข้อมูล -

รายการใกล้เคียง
    ผู้แต่ง [ประพิศ พงศ์พานิช]

BibComment


ยังไม่เคยถูกคอมเมนท์

คอมเมนท์ทรัพยากรรายการนี้
  คอมเมนท์: บทสนทนาภาษาอังกฤษ..


 Copyright 2026. Bcnsprnw @Library